Quản trị thông tin tinh giản : (Sưu tập chuyên đề thông tin)

Sách giới thiệu về thông tin và quản trị thông tin, phương pháp chung xây dựng hệ thống tin quản lý doanh nghiệp, cách sử dụng chiến lược đối với công nghệ thông tin, thông tin liên lạc trong một tổ chức......

ver descrição completa

Na minha lista:
Detalhes bibliográficos
Formato: Livro
Idioma:Undetermined
Publicado em: Hà Nội Thống kê 1995
Assuntos:
Tags: Adicionar Tag
Sem tags, seja o primeiro a adicionar uma tag!
Thư viện lưu trữ: Trung tâm Học liệu Trường Đại học Cần Thơ
LEADER 00884nam a2200193Ia 4500
001 CTU_149058
008 210402s9999 xx 000 0 und d
082 |a 658.4 
082 |b Qu105 
245 0 |a Quản trị thông tin tinh giản : 
245 0 |b (Sưu tập chuyên đề thông tin) 
245 0 |c Hà Dũng sưu tập và biên soạn 
260 |a Hà Nội 
260 |b Thống kê 
260 |c 1995 
520 |a Sách giới thiệu về thông tin và quản trị thông tin, phương pháp chung xây dựng hệ thống tin quản lý doanh nghiệp, cách sử dụng chiến lược đối với công nghệ thông tin, thông tin liên lạc trong một tổ chức... 
650 |a Management information systems 
904 |i Giang 
980 |a Trung tâm Học liệu Trường Đại học Cần Thơ